| 000 | 00405nam a2200169Ia 4500 | ||
|---|---|---|---|
| 001 | 18344 | ||
| 005 | 20260306171623.0 | ||
| 008 | 260306s9999||||xx |||||||||||||| ||und|| | ||
| 041 | _aESP | ||
| 082 |
_a658.4034 _bB84 |
||
| 100 |
_aBronson, Richard _eAUT |
||
| 245 | 0 | _aInvestigación de operaciones | |
| 300 |
_a324 pƔginas : _c23 cm. |
||
| 650 | _aGEN | ||
| 654 | _aCAN | ||
| 942 |
_cLIB _dJUS _fJUS _2ddc _n |
||
| 999 |
_c18344 _d18344 |
||